日本の令制国(旧国名) 五畿七道の地図 - Statistics

General Stats
  • This quiz has been taken 281 times
  • The average score is 57 of 73
Answers on the Map
Answers color-coded by a green-red scale on the quiz's map according to % correct below.
 
Answer Stats
属する 国名 国力 距離 % Correct
北陆道 越後国 上国 遠国
89%
东海道 伊豆国 下国 中国
88%
东海道 武蔵国 大国 遠国
88%
北陆道 越前国 大国 中国
88%
东山道 陸奥国 (古)大国 (古)遠国
87%
西海道 薩摩国 中国 遠国
87%
东海道 安房国 中国 遠国
85%
东山道 信濃国 上国 中国
85%
南海道 土佐国 中国 遠国
85%
北陆道 能登国 中国 中国
84%
北陆道 越中国 上国 中国
84%
南海道 阿波国 上国 中国
84%
近畿 大和国 大国 畿内
83%
山阳道 備前国 上国 近国
83%
东海道 伊勢国 大国 近国
82%
东海道 上総国 大国 遠国
82%
山阳道 備中国 上国 中国
82%
山阳道 備後国 上国 中国
82%
东海道 尾張国 上国 近国
81%
东海道 駿河国 上国 中国
81%
东山道 近江国 大国 近国
81%
北陆道 佐渡国 中国 遠国
81%
南海道 淡路国 下国 近国
81%
东海道 三河国 上国 近国
80%
东海道 甲斐国 上国 中国
80%
东海道 相模国 上国 遠国
80%
东山道 美濃国 上国 近国
80%
东山道 下野国 大国 遠国
80%
山阴道 出雲国 上国 中国
80%
南海道 紀伊国 上国 近国
80%
南海道 伊予国 上国 遠国
80%
西海道 筑前国 上国 遠国
80%
西海道 筑後国 上国 遠国
80%
西海道 肥前国 上国 遠国
80%
东海道 志摩国 下国 近国
79%
南海道 讃岐国 上国 中国
79%
西海道 肥後国 大国 遠国
79%
东海道 常陸国 大国 遠国
78%
东山道 飛騨国 下国 中国
78%
北陆道 加賀国 上国 中国
78%
西海道 対馬国 下国 遠国
78%
近畿 摂津国 上国 畿内
77%
东海道 下総国 大国 遠国
77%
东山道 上野国 大国 遠国
77%
东山道 陸前国 (古)大国 (古)遠国
77%
山阴道 隠岐国 下国 遠国
77%
西海道 日向国 中国 遠国
77%
近畿 山城国 上国 畿内
76%
近畿 和泉国 下国 畿内
76%
东海道 遠江国 上国 中国
76%
东山道 陸中国 (古)大国 (古)遠国
76%
西海道 豊後国 上国 遠国
76%
近畿 河内国 大国 畿内
75%
东海道 伊賀国 下国 近国
75%
山阴道 丹波国 上国 近国
75%
山阳道 播磨国 大国 近国
75%
西海道 豊前国 上国 遠国
75%
东山道 羽前国 (古)上国 (古)遠国
74%
东山道 羽后国 (古)上国 (古)遠国
74%
山阳道 長門国 中国 遠国
74%
北陆道 若狭国 中国 近国
73%
山阴道 丹後国 中国 近国
73%
西海道 大隅国 中国 遠国
72%
山阳道 安芸国 上国 遠国
71%
西海道 壱岐国 下国 遠国
70%
东山道 磐城国 (古)大国 (古)遠国
69%
山阴道 伯耆国 上国 中国
69%
山阳道 美作国 上国 近国
69%
山阴道 石見国 中国 遠国
65%
山阳道 周防国 上国 遠国
65%
山阴道 因幡国 上国 近国
64%
山阴道 但馬国 上国 近国
62%
东山道 岩代国 (古)大国 (古)遠国
51%
No matching quizzes found
Score Distribution
Percent of People with Each Score
Percentile by Number Answered
Your Score History
You have not taken this quiz